Φιλοσοφία του Πλάτωνος
Αποθηκεύτηκε σε:
| Κύριος συγγραφέας: | |
|---|---|
| Συγγραφή απο Οργανισμό/Αρχή: | |
| Μορφή: | Βιβλίο |
| Γλώσσα: | Greek |
| Δημοσίευση: |
Αθήναι :
Ακαδημία Αθηνών Κέντρον Ερεύνης της Ελληνικής Φιλοσοφίας,
1997.
|
| Θέματα: | |
| Ετικέτες: |
Προσθήκη ετικέτας
Δεν υπάρχουν, Καταχωρήστε ετικέτα πρώτοι!
|
MARC
| LEADER | 00000cam a2200000 i 4500 | ||
|---|---|---|---|
| 001 | 1/89583 | ||
| 008 | 051121s1997 gr | ||| |||| ||gre|| | ||
| 020 | |a 9607099559 | ||
| 035 | |l 10081363 | ||
| 040 | |a GR-MyUA |b gre |e AACR2 | ||
| 041 | 0 | |a gre | |
| 082 | 0 | |a 184 |2 (22) | |
| 100 | 1 | |a Δεσποτόπουλος, Κωνσταντίνος Ι., |d 1913-2016. | |
| 245 | 1 | 0 | |a Φιλοσοφία του Πλάτωνος / |c Κωνσταντίνου Ι. Δεσποτόπουλου. |
| 260 | |a Αθήναι : |b Ακαδημία Αθηνών Κέντρον Ερεύνης της Ελληνικής Φιλοσοφίας, |c 1997. | ||
| 300 | |a 298 σ. ; |c 21 εκ. | ||
| 504 | |a Περιέχει βιβλιογραφικές αναφορές. | ||
| 600 | 1 | 0 | |a Plato |x Contributions in political science. |
| 650 | 0 | 0 | |a Political science |x Philosophy. |
| 710 | 2 | |a Ακαδημία Αθηνών. |b Κέντρον Ερεύνης της Ελληνικής Φιλοσοφίας. | |
| 852 | |a INST |b LESVOS |e 20060124 |h 184 ΔΕΣ |p 005100034018 |q 005100034018 |t BK |y 0 | ||
| 852 | |a INST |b SAMOS |e 20051121 |h 184 ΔΕΣ |p 005300024769 |q 005300024769 |t BK |y 0 | ||
| 901 | |a BIBL3-2005-3 | ||
| 901 | |a BIBL1-2006-1 | ||
| 909 | |a Σ |b 124595 | ||
| 909 | |a Λ |b 125540 | ||
| 970 | |a ΜΑΛΑΓΑΡΗ |b ΦΩΤΕΙΝΗ |z 2005/11/21 | ||